Ball Knowledge Quiz - Statistics

General Stats
  • This quiz has been taken 40 times
  • The average score is 93 of 200
Answer Stats
Hint Answer % Correct
2021 LVI Rams
77%
1999 XXXIV Rams
77%
2020 CFP Alabama
74%
2017 CFP Alabama
74%
2015 CFP Alabama
74%
2012 BCS Alabama
74%
2011 BCS Alabama
74%
2009 BCS Alabama
74%
1992 AP Alabama
74%
1979 AP Alabama
74%
1978 AP Alabama | USC
74%
2024 LIX Eagles
74%
2017 LII Eagles
74%
2018 LIII Patriots
74%
2016 LI Patriots
74%
2014 XLIX Patriots
74%
2004 XXXIX Patriots
74%
2003 XXXVIII Patriots
74%
2001 XXXVI Patriots
74%
2023 LVIII Cheifs
71%
2022 LVII Cheifs
71%
2019 LIV Cheifs
71%
2024 Colorado Travis Hunter
71%
1994 XXIX 49ers
69%
1989 XXIV 49ers
69%
1988 XXIII 49ers
69%
1984 XIX 49ers
69%
2015 50 Broncos
69%
1998 XXXIII Broncos
69%
1997 XXXII Broncos
69%
2022 CFP Georgia
69%
2021 CFP Georgia
69%
1980 AP Georgia
69%
2023 CFP Michigan
69%
1997 AP Michigan | Nebraska
69%
2024 CFP Ohio State
69%
2014 CFP Ohio State
69%
2002 BCS Ohio State
69%
2010 XLV Packers
69%
1996 XXXI Packers
69%
2010 Auburn Cam Newton
66%
2015 Panthers Cam Newton
66%
2019 LSU Joe Burrow
66%
2016 Louisville Lamar Jackson
66%
2023 Ravens Lamar Jackson
66%
2019 Ravens Lamar Jackson
66%
2003 BCS LSU | USC
66%
2022 USC Caleb Williams
63%
2019 CFP LSU
63%
2007 BCS LSU
63%
2013 XLVIII Seahawks
63%
2008 XLIII Steelers
63%
2005 XL Steelers
63%
1980 XV Steelers
63%
1979 XIV Steelers
63%
1976 XI Steelers
63%
2021 Packers Aaron Rodgers
60%
2020 Packers Aaron Rodgers
60%
2014 Packers Aaron Rodgers
60%
2011 Packers Aaron Rodgers
60%
2017 Oklahoma Baker Mayfield
60%
2021 Alabama Bryce Young
60%
1995 XXX Cowboys
60%
1993 XXVIII Cowboys
60%
1992 XXVII Cowboys
60%
1978 XIII Cowboys
60%
2024 Bills Josh Allen
60%
2017 Patriots Tom Brady
60%
2010 Patriots Tom Brady
60%
2007 Patriots Tom Brady
60%
1985 Auburn Bo Jackson
57%
2008 BCS Florida
57%
2006 BCS Florida
57%
1996 AP Florida
57%
2016 Falcons Matt Ryan
57%
2022 Cheifs Patrick Mahomes
57%
2018 Cheifs Patrick Mahomes
57%
2007 Florida Tim Tebow
57%
1985 XX Bears
54%
2006 XLI Colts
54%
2015 Alabama Derrick Henry
54%
2020 Alabama DeVonta Smith
54%
1980 South Carolina George Rogers
54%
2023 LSU Jayden Daniels
54%
2018 Oklahoma Kyler Murray
54%
2013 Broncos Peyton Manning
54%
2009 Colts Peyton Manning
54%
2008 Colts Peyton Manning
54%
2004 Colts Peyton Manning
54%
2003 Colts/ Titans Peyton Manning | Steve McNair
54%
2012 XLVII Ravens
54%
2000 XXXV Ravens
54%
1994 49ers Steve Young
54%
1992 49ers Steve Young
54%
1997 Packers/Lions Brett Farve | Barry Sanders
51%
2018 CFP Clemson
51%
2016 CFP Clemson
51%
1981 AP Clemson
51%
2012 Texas A&M Johnny Manziel
51%
1981 USC Marcus Allen
51%
1985 Raiders Marcus Allen
51%
2014 Oregon Marcus Mariota
51%
1998 Texas Ricky Williams
51%
2011 Baylor Robert Griffin III
51%
2020 LV Bucaneers
49%
2002 XXXVII Bucaneers
49%
2013 BCS Florida State
49%
1999 BCS Florida State
49%
1993 AP Florida State
49%
2011 XLVI Giants
49%
2007 XLII Giants
49%
1990 XXV Giants
49%
1986 XXI Giants
49%
2005 USC Reggie Bush
49%
2005 BCS Texas
49%
1988 Oklahoma State Barry Sanders
46%
2013 Florida State Jameis Winston
46%
1990 49ers Joe Montana
46%
1989 49ers Joe Montana
46%
2006 Chargers LaDainian Tomlinson
46%
1983 XVIII Raiders
46%
1981 XVI Raiders
46%
1977 XII Raiders
46%
1991 AP Washington | Miami
46%
2012 Vikings Adrian Peterson
43%
1993 Cowboys Emmitt Smith
43%
2009 XLIV Saints
43%
2006 Ohio State Troy Smith
43%
2004 BCS USC
43%
2000 BCS Oklahoma
40%
1985 AP Oklahoma
40%
1996 Packers Brett Farve
37%
1995 Packers Brett Farve
37%
1987 Broncos John Elway
37%
2001 Rams Kurt Warner
37%
1999 Rams Kurt Warner
37%
2001 BCS Miami
37%
1989 AP Miami
37%
1987 AP Miami
37%
1983 AP Miami
37%
1991 XXVI Redskins
37%
1987 XXII Redskins
37%
1982 XVII Redskins
37%
2008 Oklahoma Sam Bradford
37%
1984 Dolphins Dan Marino
34%
2009 Alabama Mark Ingram II
34%
1988 AP Notre Dame
34%
1977 AP Notre Dame
34%
2010 BCS Auburn
31%
1995 AP Nebraska
31%
1994 AP Nebraska
31%
1986 Giants Lawrence Taylor
29%
1986 AP Penn State
29%
1982 AP Penn State
29%
1976 AP Penn State
29%
1987 Notre Dame Tim Brown
29%
1977 Bears Walter Payton
29%
1990 AP Colorado | Georgia Tech
26%
2000 Rams Marshall Faulk
23%
2004 USC Matt Leinart
23%
1978 Steelers Terry Bradshaw
23%
1976 Colts Bert Jones
20%
1984 AP BYU
20%
1997 Michigan Charles Woodson
20%
1982 Georgia Herschel Walker
20%
1998 BCS Tennessee
20%
1988 Benglas Boomer Esiason
17%
1991 Michigan Desmond Howard
17%
1995 Ohio State Eddie George
17%
1998 Broncos Terrell Davis
17%
1984 Boston College Doug Flutie
14%
1977 Texas Earl Campbell
14%
1979 Bills Earl Campbell
14%
1983 Redskins Joe Theismann
14%
2002 Raiders Rich Gannon
14%
1991 Bills Thurman Thomas
14%
1979 USC Charles White
11%
1993 Florida State Charlie Ward
11%
2000 Florida State Chris Weinke
11%
2003 Oklahoma Jason White
11%
1994 Colorado Rashaan Salaam
11%
2025 CFP TBD
11%
2025 - TBD
11%
2025 LX TBD
11%
2025 - TBD
11%
1989 Houston Andre Ware
9%
2002 USC Carson Palmer
9%
2001 Nebraska Eric Crouch
9%
1981 Bengals Ken Anderson
9%
1999 Nebraska Ron Dayne
9%
1976 Pittsburgh Tony Dorsett
9%
1990 BYU Ty Detmer
9%
1986 Miami Vinny Testaverde
9%
1978 Oklahoma Billy Sims
6%
1980 Browns Brian Sipe
6%
1996 Florida Danny Wuerffel
6%
1982 Redskins Mark Moseley
6%
1983 Nebraska Mike Rozier
6%
1992 Miami Gino Torreta
3%
2005 Seahawks Shaun Alexanders
0%
No matching quizzes found
Score Distribution
Percent of People with Each Score
Percentile by Number Answered
Your Score History
You have not taken this quiz